000 01329nam a2200253 a 4500
001 79746
003 BD-RjUL
005 20230202105819.0
008 220421s2001 bg ||||| m||| 00| 0 ben d
035 _a(BD-RjUL)79746
040 _aBD-RjUL
_bben/eng
_cBD-RjUL
_dBD-RjUL
041 _aben
082 _223
_a144
_bALN 2001
100 _aআলম, রেজিনা আকতার
_92639
245 1 0 _aনজরুলের মানবতাবাদী দর্শন /
_cরেজিনা আকতার আলম ;
_6গবেষণা-নির্দেশক : মো. আব্দুল হাই তালুকদার
260 _aরাজশাহী :
_bদর্শন বিভাগ, রাজশাহী বিশ্ববিদ্যালয়,
_c২০০১
300 _axi, ৩০৯ পাতা ;
_c২৯ সেমি.
502 _aথিসিস (পিএইচ. ডি.)-- দর্শন বিভাগ, রাজশাহী বিশ্ববিদ্যালয়, ২০০১
504 _aগ্রন্থপঞ্জী: পাতা [৩০০]-৩০৯
650 _aমানবতাবাদ
650 _aHumanism
700 _aতালুকদার, মো: আব্দুল হাই, গবেষণা-নির্দেশক
_92494
942 _2ddc
_cTHE
999 _c79746
_d79746